NFL Buffalo Bills 2022-2023 Active Roster - Statistics

General Stats
  • This quiz has been taken 235 times
  • The average score is 23 of 61
Answer Stats
Hint Answer % Correct
QB Josh Allen
100%
WR Stefon Diggs
97%
WR Gabriel Davis
87%
RB Devin Singletary
86%
TE Dawson Knox
84%
RB James Cook
81%
CB Tre'Davious White
80%
SS Jordan Poyer
78%
FS Micah Hyde
74%
DE Von Miller
65%
K Tyler Bass
64%
WR Isaiah McKenzie
60%
LB Matt Milano
60%
LB Tremaine Edmunds
57%
RB Zach Moss
56%
FS Jaquan Johnson
55%
CB Taron Johnson
55%
QB Case Keenum
54%
FS Damar Hamlin
54%
DT Ed Oliver
54%
T Dion Dawkins
50%
T Spencer Brown
50%
DT DaQuan Jones
46%
DE Greg Rousseau
46%
RB Taiwan Jones
46%
C Mitch Morse
45%
CB Kaiir Elam
44%
CB Dane Jackson
41%
WR Khalil Shakir
40%
FB Reggie Gilliam
40%
LB Andre Smith
32%
P Sam Martin
32%
WR Jamison Crowder
26%
LB Terrel Bernard
26%
DT Jordan Phillips
25%
DE AJ Epenesa
24%
TE Quintin Morris
23%
LS Reid Ferguson
23%
DE Boogie Basham
22%
WR Jake Kumerow
20%
TE Tommy Sweeney
19%
CB Cam Lewis
18%
G Ryan Bates
17%
T David Quessenberry
16%
DE Shaq Lawson
16%
CB Siran Neal
13%
G Bobby Hart
12%
DT Tim Settle
12%
LB Tyler Matakevich
11%
LB Tyrel Dodson
11%
G Greg Van Roten
10%
LB Baylon Spector
9%
T Tommy Doyle
9%
G Ike Boettger
7%
WR Marquez Stevenson
6%
CB Ja'Marcus Ingram
5%
DT Brandin Bryant
3%
C Greg Mancz
3%
G Rodger Staffold
3%
CB Christian Bedford
2%
DT Prince Emili
1%
No matching quizzes found
Score Distribution
Percent of People with Each Score
Percentile by Number Answered
Your Score History
You have not taken this quiz